000 01122nam a2200277Ia 4500
003 OSt
005 20200925150137.0
008 191128s2007 ck gr 000 0 spa d
020 _a9789589825761
040 _aCO-JMCR
_cCO-JMCR
041 0 _aspa
082 0 4 _a920.72 /
_bF828d
_223
100 1 _aFrank, Ana,
_eautora
_910865
245 1 3 _aEl diario de Ana Frank /
_cAna Frank
260 _a[Bogotá] :
_bAtenea,
_c2007
300 _a222 páginas ;
_c22 cm.
500 _aIncluye guía de lectura.
520 3 _a"A pesar de todo, creo que el corazón del hombre es bueneo en su raíz". Así escribio la niña adolescente en su diario, que se transformó en el símbolo de lucha contra el racismo y la discriminación.
600 1 _a Frank, Anna,
_d1929-1945
_vbiografías
_910866
650 1 4 _aDiarios íntimos
_xJudíos en Alemania
_y1929-1945
_910867
650 1 4 _aGuerra Mundial II
_xrelatos personales
_y1939-1945
_910868
650 1 4 _aJudíos
_xcondiciones políticas y sociales
_910869
650 1 4 _aMujeres Judías
_zAlemania
_910870
650 2 4 _aCampos de concentración
_zAlemania
_910871
942 _2ddc
_cBK
999 _c4025
_d4025